|
|
|
|
| LEADER |
01319nam a22003614a 4500 |
| 001 |
EBC369426 |
| 003 |
MiAaPQ |
| 005 |
20200520144314.0 |
| 006 |
m o d | |
| 007 |
cr cn||||||||| |
| 008 |
010626s2002 enka sb 001 0 eng |
| 010 |
|
|
|z 2001037838
|
| 020 |
|
|
|z 085199136X (pbk.)
|
| 035 |
|
|
|a (MiAaPQ)EBC369426
|
| 035 |
|
|
|a (Au-PeEL)EBL369426
|
| 035 |
|
|
|a (CaPaEBR)ebr10256986
|
| 035 |
|
|
|a (CaONFJC)MIL190498
|
| 035 |
|
|
|a (OCoLC)437237178
|
| 040 |
|
|
|a MiAaPQ
|c MiAaPQ
|d MiAaPQ
|
| 043 |
|
|
|a w------
|
| 050 |
|
4 |
|a S604.37
|b .A94 2002
|
| 082 |
0 |
4 |
|a 630/.913
|2 21
|
| 100 |
1 |
|
|a Azam-Ali, S. N.
|q (Sayed N.)
|
| 245 |
1 |
0 |
|a Principles of tropical agronomy
|h [electronic resource] /
|c S.N. Azam-Ali and G.R. Squire.
|
| 260 |
|
|
|a Wallingford, Oxon, UK ;
|a New York :
|b CABI Pub.,
|c c2002.
|
| 300 |
|
|
|a viii, 236 p. :
|b ill.
|
| 504 |
|
|
|a Includes bibliographical references (p. 197-210) and index.
|
| 533 |
|
|
|a Electronic reproduction. Ann Arbor, MI : ProQuest, 2015. Available via World Wide Web. Access may be limited to ProQuest affiliated libraries.
|
| 650 |
|
0 |
|a Agriculture
|z Tropics.
|
| 655 |
|
4 |
|a Electronic books.
|
| 700 |
1 |
|
|a Squire, G. R.
|q (Geoffrey R.)
|
| 710 |
2 |
|
|a ProQuest (Firm)
|
| 856 |
4 |
0 |
|u https://ebookcentral.proquest.com/lib/matrademy/detail.action?docID=369426
|z Click to View
|